[Event "ch-FRA Blitz Online Qual"]
[Site "Europe-Chess INT"]
[Date "2020.05.16"]
[Round "6"]
[White "Auder, Benjamin"]
[Black "Durand-Le Ludec, Brendan-Budok"]
[Result "0-1"]
[WhiteElo "1934"]
[BlackElo "2205"]
[WhiteFideId "635065"]
[BlackFideId "26064340"]
[EventDate "2020.05.16"]

1. c4 Nf6 2. Nc3 g6 3. g3 Bg7 4. Bg2 O-O 5. e3 d6 6. Nge2 Nc6 7. O-O e5 8. Rb1
a5 9. a3 Be6 10. d3 d5 11. cxd5 Nxd5 12. Qc2 f5 13. Nxd5 Bxd5 14. Nc3 Bxg2 15.
Kxg2 Qd7 16. Rd1 Kh8 17. Na4 b6 18. Bd2 f4 19. exf4 exf4 20. Bxf4 Rxf4 21. gxf4
Qg4+ 22. Kh1 Qf3+ 23. Kg1 Nd4 24. Qd2 Ne2+ 25. Kf1 Re8 0-1

[Event "ch-FRA Blitz Online Qual"]
[Site "Europe-Chess INT"]
[Date "2020.05.16"]
[Round "6"]
[White "Martinez, Felicien"]
[Black "Maisuradze, Nino"]
[Result "0-1"]
[BlackTitle "WGM"]
[WhiteElo "1867"]
[BlackElo "2214"]
[WhiteFideId "45141207"]
[BlackFideId "13601717"]
[EventDate "2020.05.16"]

1. c4 e5 2. g3 g6 3. Nc3 Bg7 4. Bg2 Nc6 5. e3 Nge7 6. Nge2 O-O 7. O-O d6 8. Rb1
a5 9. a3 f5 10. b4 axb4 11. axb4 e4 12. d3 exd3 13. Qxd3 Ne5 14. Qd1 Nxc4 15.
Bd5+ Nxd5 16. Qxd5+ Kh8 17. Qxc4 f4 18. Nxf4 c6 19. Bb2 d5 20. Qe2 Re8 21. Nd1
Bf5 22. Bxg7+ Kxg7 23. Rb2 Ra3 24. Qd2 Kg8 25. Nc3 Qf6 26. Nce2 g5 27. Ng2 Rd3
28. Qc1 Be4 29. f4 g4 30. Nd4 Bxg2 31. Rxg2 Rexe3 32. Nc2 Rc3 33. Qa1 Rf3 34.
Qa8+ Kg7 35. Qxb7+ Kh6 36. Rxf3 gxf3 37. Rf2 Qg6 38. Ne1 Rc1 39. Rf1 Qe4 40. Qc7
f2+ 41. Kxf2 Qd4+ 42. Kg2 Qe4+ 43. Kg1 Rxe1 44. Qd6+ Kh5 45. Qe5+ Qxe5 46. fxe5
Rxe5 47. Rf7 Kg6 48. Rc7 Re6 49. b5 cxb5 50. Rc5 Rb6 51. Rxd5 b4 52. Rd1 b3 53.
Kf2 b2 54. Rb1 Kf5 55. Kf3 Rb3+ 56. Ke2 Kg4 57. Kf2 Kh3 58. Kg1 h6 59. Kf2 Kxh2
60. g4 Kh3 61. Ke2 Kxg4 62. Kd2 h5 63. Kc2 Rb4 64. Rg1+ Kf3 65. Rg8 b1=Q+ 0-1

[Event "ch-FRA Blitz Online Qual"]
[Site "Europe-Chess INT"]
[Date "2020.05.16"]
[Round "6"]
[White "Lebrun, Elias"]
[Black "De Seroux, Camille"]
[Result "0-1"]
[BlackTitle "WIM"]
[WhiteElo "1880"]
[BlackElo "2137"]
[WhiteFideId "26073110"]
[BlackFideId "1305620"]
[EventDate "2020.05.16"]

1. d4 Nf6 2. c4 c5 3. d5 b5 4. cxb5 a6 5. bxa6 g6 6. Nc3 Bg7 7. e4 O-O 8. Nf3
Qa5 9. Bd2 Bxa6 10. g3 Bxf1 11. Kxf1 d6 12. Kg2 Qb4 13. Qc2 Na6 14. Rhe1 Rfb8
15. Na4 Qb7 16. Rab1 Nb4 17. Bxb4 Qxb4 18. b3 Nd7 19. Re2 Rxa4 20. bxa4 Qxb1 21.
Qxb1 Rxb1 22. a5 Rb2 23. Rxb2 Bxb2 24. Ne1 Nb8 25. Nd3 Bc3 26. Kf3 Bxa5 27. Ke2
c4 28. Nb2 c3 29. Nc4 c2 30. Kd3 c1=Q 31. Nxa5 Qa3+ 32. Nb3 Qxa2 0-1

[Event "ch-FRA Blitz Online Qual"]
[Site "Europe-Chess INT"]
[Date "2020.05.16"]
[Round "6"]
[White "Derige Kane, Yan"]
[Black "Fretel, Liza"]
[Result "1-0"]
[WhiteElo "2236"]
[BlackElo "1934"]
[WhiteFideId "20665431"]
[BlackFideId "26045460"]
[EventDate "2020.05.16"]

1. d4 Nf6 2. Bg5 e6 3. Nd2 Be7 4. e3 d5 5. Bd3 c5 6. c3 Nc6 7. f4 O-O 8. Ngf3 h6
9. Bxf6 Bxf6 10. Ne5 Nxe5 11. fxe5 Bh4+ 12. g3 Bg5 13. Qe2 Bd7 14. h4 Be7 15.
O-O-O f6 16. exf6 Bxf6 17. Qh5 Be8 18. Qg4 Qd7 19. dxc5 Rc8 20. e4 d4 21. e5
Bxe5 22. Nf3 Rxf3 23. Qxf3 Rxc5 24. Kb1 Qf7 25. Qe4 g6 26. cxd4 Bc6 27. Qe3 Bxd4
28. Qxd4 Bxh1 29. Qxc5 Qf3 30. Bc2 Bg2 31. Qe7 Qxg3 32. Rd8# 1-0

[Event "ch-FRA Blitz Online Qual"]
[Site "Europe-Chess INT"]
[Date "2020.05.16"]
[Round "6"]
[White "Vallee, Louis"]
[Black "Koelsch, Gilbert"]
[Result "0-1"]
[BlackTitle "CM"]
[WhiteElo "1864"]
[BlackElo "2159"]
[WhiteFideId "45103291"]
[BlackFideId "612243"]
[EventDate "2020.05.16"]

1. d4 Nf6 2. c4 d6 3. Nc3 e5 4. d5 Nbd7 5. e4 Be7 6. Nf3 Nc5 7. Qe2 a5 8. h3 O-O
9. g4 Ne8 10. Be3 b6 11. O-O-O a4 12. Bg2 Bd7 13. g5 f5 14. gxf6 Nxf6 15. Nd2
Qe8 16. h4 Nh5 17. Bh3 Nf4 18. Bxf4 Rxf4 19. Bxd7 Qxd7 20. h5 Raf8 21. f3 Bg5
22. Rdg1 Qe7 23. Kb1 Bh6 24. Rh2 a3 25. b3 Kh8 26. Rhg2 Qh4 27. Rh2 Qf6 28. Rhg2
Qf7 29. Rh2 Rf6 30. Rf2 Rf4 31. Rh2 Qe7 32. Rhg2 Nd7 33. Rg4 Qf7 34. Rxf4 Qxf4
35. Kc2 Nc5 36. Rg4 Qf7 37. Qg2 Qxh5 38. Rg3 Qf7 39. Ncb1 Qf4 40. Rg4 Qe3 41.
Qh2 Qd3+ 42. Kd1 Rxf3 43. Qg2 Rf8 44. Rg3 Qd4 45. Qg1 Qxg1+ 46. Rxg1 Nd3 47. Ke2
Nf4+ 48. Ke1 g6 49. Nc3 Kg7 50. Nb5 Rf7 51. Nb1 Nd3+ 52. Ke2 Nb4 53. N1xa3 Nxa2
54. Nc2 Nc1+ 55. Kd1 Nxb3 56. Nb4 Nd4 57. Nxd4 exd4 58. Nc6 Be3 59. Rg2 h5 60.
Ke2 g5 61. Kd3 h4 62. Nxd4 Bxd4 63. Kxd4 Kg6 64. Ke3 Kh5 65. e5 dxe5 66. Ke4 g4
67. Kxe5 h3 68. Ra2 g3 69. Ra3 Kg4 70. Ke4 Re7+ 71. Kd3 g2 72. Ra1 h2 73. d6
cxd6 74. c5 dxc5 75. Ra4+ Kg3 76. Kc2 g1=Q 77. Rg4+ Kxg4 0-1

[Event "ch-FRA Blitz Online Qual"]
[Site "Europe-Chess INT"]
[Date "2020.05.16"]
[Round "6"]
[White "Defromont, Benjamin"]
[Black "Gerandi, Guillaume"]
[Result "0-1"]
[WhiteTitle "FM"]
[WhiteElo "2236"]
[BlackElo "1876"]
[WhiteFideId "36068829"]
[BlackFideId "20648359"]
[EventDate "2020.05.16"]

1. e4 c5 2. Nf3 Nc6 3. d4 cxd4 4. Nxd4 g6 5. c4 Nf6 6. Nc3 Nxd4 7. Qxd4 d6 8.
Be2 Bg7 9. Be3 O-O 10. Qd2 a5 11. O-O a4 12. h3 Qa5 13. f4 Be6 14. Bd3 Rfc8 15.
Nd5 Qxd2 16. Bxd2 Bxd5 17. exd5 Nd7 18. Rab1 Nc5 19. Be2 a3 20. b4 Ne4 21. Rfd1
Bd4+ 22. Kh2 Bc3 23. Be3 Bb2 24. Bd3 Nc3 25. Ra1 Nxd1 26. Rxd1 Bc3 27. Rb1 Ra4
28. b5 Bb2 29. Re1 Kf8 30. f5 Bg7 31. fxg6 hxg6 32. Rc1 Rb4 33. c5 dxc5 34. Bxc5
b6 35. Bxe7+ Kxe7 36. Rxc8 Rb2 37. Rc2 Rb4 38. Rc7+ Ke8 39. Rc6 Bd4 40. Kg3 Rb2
41. Bc4 Bc5 42. Kf3 Kd7 43. g4 f6 44. h4 f5 45. gxf5 gxf5 46. Kf4 Rh2 47. Kxf5
Rxh4 48. Bb3 Rh3 49. Bc4 Rc3 0-1

[Event "ch-FRA Blitz Online Qual"]
[Site "Europe-Chess INT"]
[Date "2020.05.16"]
[Round "6"]
[White "Samoun, Florent"]
[Black "Bakouri, Abdelmajid"]
[Result "1-0"]
[WhiteTitle "FM"]
[WhiteElo "2299"]
[BlackElo "1871"]
[WhiteFideId "664995"]
[BlackFideId "7901682"]
[EventDate "2020.05.16"]

1. g4 d5 2. Bg2 c6 3. c4 e6 4. cxd5 exd5 5. Qb3 Bd6 6. Nc3 Ne7 7. d4 O-O 8. g5
Nf5 9. Nf3 Re8 10. h4 Na6 11. Bd2 Nb4 12. O-O-O a5 13. a3 a4 14. Nxa4 b5 15. Nc3
Na6 16. h5 b4 17. Nb1 bxa3 18. bxa3 Rb8 19. Qd3 Qb6 20. Bc3 Ne7 21. Bh3 c5 22.
g6 f6 23. gxh7+ Kh8 24. h6 g5 25. dxc5 Nxc5 26. Bxf6# 1-0

[Event "ch-FRA Blitz Online Qual"]
[Site "Europe-Chess INT"]
[Date "2020.05.16"]
[Round "6"]
[White "Carvallo, Henri"]
[Black "Afraoui, Solenn"]
[Result "1-0"]
[WhiteElo "2069"]
[BlackElo "1889"]
[WhiteFideId "619914"]
[BlackFideId "625167"]
[EventDate "2020.05.16"]

1. d4 f5 2. Bf4 Nf6 3. e3 g6 4. Nf3 Bg7 5. h3 d6 6. Be2 O-O 7. O-O c6 8. c4 Nh5
9. Bh2 f4 10. Nc3 Qe8 11. e4 e5 12. d5 c5 13. Nd2 a6 14. f3 Qe7 15. Re1 Qg5 16.
Kh1 Nd7 17. a3 Ndf6 18. b4 b6 19. Na4 Rb8 20. Rb1 Bd7 21. bxc5 bxc5 22. Nb6 Ng3+
23. Bxg3 Qxg3 24. Bf1 Qh4 25. Nxd7 Nxd7 26. Qa4 Rxb1 27. Rxb1 Nf6 28. Kg1 Nh5
29. Qxa6 Ng3 30. Qxd6 Nxf1 31. Nxf1 Rc8 32. Qe6+ 1-0

[Event "ch-FRA Blitz Online Qual"]
[Site "Europe-Chess INT"]
[Date "2020.05.16"]
[Round "6"]
[White "Nicolas, Guillaume"]
[Black "Martinez Martinez, Mateo"]
[Result "0-1"]
[WhiteElo "2143"]
[BlackElo "1917"]
[WhiteFideId "20646607"]
[BlackFideId "36055140"]
[EventDate "2020.05.16"]

1. e4 c5 2. Nf3 d6 3. d4 cxd4 4. Nxd4 Nf6 5. f3 e5 6. Nb3 d5 7. Bg5 Be6 8. Bxf6
gxf6 9. exd5 Bxd5 10. Nc3 Be6 11. Qxd8+ Kxd8 12. O-O-O+ Nd7 13. Bd3 Bh6+ 14. Kb1
Ke7 15. Be4 Rab8 16. Na5 Nc5 17. Bd5 Rhd8 18. b4 Na6 19. a3 Bxd5 20. Nxd5+ Ke6
21. c4 Bf8 22. Kb2 Rd6 23. Kb3 b6 24. c5 bxc5 25. Ne3 cxb4 26. Rxd6+ Bxd6 27.
Nc6 Rb6 28. Nxb4 Nxb4 29. axb4 Rxb4+ 30. Kc3 a5 31. Rd1 Bc5 32. Nc4 Bd4+ 33. Kd3
Rb3+ 34. Ke2 a4 35. Nd2 Rb2 36. Rb1 a3 37. Rxb2 Bxb2 0-1

[Event "ch-FRA Blitz Online Qual"]
[Site "Europe-Chess INT"]
[Date "2020.05.16"]
[Round "6"]
[White "Lambert, Adrien"]
[Black "Leccia, Antoine"]
[Result "1-0"]
[WhiteElo "2123"]
[BlackElo "1950"]
[WhiteFideId "624772"]
[BlackFideId "36087262"]
[EventDate "2020.05.16"]

1. e4 e5 2. f4 Bc5 3. Nf3 Nc6 4. Bc4 d6 5. Nc3 Na5 6. d3 Nxc4 7. dxc4 exf4 8.
Bxf4 Bg4 9. Qd2 Qd7 10. O-O-O O-O-O 11. h3 Be6 12. Nd5 c6 13. b4 cxd5 14. cxd5
Bb6 15. dxe6 Qxe6 16. Qc3+ Kb8 17. e5 d5 18. Ng5 Qf5 19. Rhf1 Rc8 20. e6+ 1-0

[Event "ch-FRA Blitz Online Qual"]
[Site "Europe-Chess INT"]
[Date "2020.05.16"]
[Round "6"]
[White "Lorans, Sylvain"]
[Black "Dijoux, Julien"]
[Result "0-1"]
[WhiteElo "2086"]
[BlackElo "1862"]
[WhiteFideId "605794"]
[BlackFideId "666483"]
[EventDate "2020.05.16"]

1. d4 Nf6 2. c4 e6 3. Nc3 d5 4. cxd5 exd5 5. Bg5 Be7 6. e3 O-O 7. Bd3 h6 8. Bh4
c6 9. Nge2 Ne4 10. Bxe7 Qxe7 11. O-O Nd7 12. Qc2 f5 13. Nf4 Qf7 14. f3 Nxc3 15.
bxc3 g5 16. Ne2 Nb6 17. e4 dxe4 18. fxe4 f4 19. c4 Qg7 20. e5 Be6 21. a4 Rad8
22. a5 Nc8 23. Rab1 b6 24. Be4 Qc7 25. Qa4 Ne7 26. axb6 axb6 27. Qa6 Rb8 28.
Rfc1 Bf5 29. Bxf5 Nxf5 30. Qa2 Kh8 31. d5 cxd5 32. cxd5 Qxe5 33. Re1 Ne3 34.
Rbd1 Rfd8 35. Rd2 b5 36. Qb3 b4 37. Ng3 Qc3 38. Rd3 Qxe1+ 0-1

[Event "ch-FRA Blitz Online Qual"]
[Site "Europe-Chess INT"]
[Date "2020.05.16"]
[Round "6"]
[White "Schweitzer, Adrien"]
[Black "Azymah, Remy"]
[Result "1-0"]
[WhiteElo "2086"]
[BlackElo "1934"]
[WhiteFideId "628220"]
[BlackFideId "26014300"]
[EventDate "2020.05.16"]

1. d4 Nf6 2. c4 g6 3. Nc3 Bg7 4. e4 d6 5. Be2 O-O 6. Nf3 e5 7. O-O Nc6 8. d5 Ne7
9. Ne1 Nd7 10. Be3 f5 11. f3 f4 12. Bf2 g5 13. Rc1 Ng6 14. c5 Nf6 15. cxd6 cxd6
16. Nb5 Rf7 17. Nxa7 Bd7 18. Qb3 Bf8 19. Bb6 Qe7 20. Bb5 Ne8 21. Bxd7 Qxd7 22.
a3 h5 23. Qb5 Qe7 24. Nc8 Qf6 25. Qxe8 1-0

[Event "ch-FRA Blitz Online Qual"]
[Site "Europe-Chess INT"]
[Date "2020.05.16"]
[Round "6"]
[White "Condat, Hugo"]
[Black "Rodriguez Rodriguez, Antonio"]
[Result "0-1"]
[BlackTitle "FM"]
[WhiteElo "1961"]
[BlackElo "2112"]
[WhiteFideId "26027402"]
[BlackFideId "2219255"]
[EventDate "2020.05.16"]

1. e4 e5 2. Bc4 Nf6 3. d4 Nc6 4. Nf3 Bd6 5. dxe5 Nxe5 6. Nxe5 Bxe5 7. f4 Nxe4 8.
Qe2 Qh4+ 9. g3 Nxg3 10. Qf2 Qf6 11. hxg3 Bxb2 12. O-O Bxa1 13. Qe3+ Kd8 14. c3
Re8 15. Qd3 d6 16. Bd2 Bf5 17. Qf3 Be4 18. Qd1 Qg6 19. Kf2 Bb2 20. Qb3 Bxb1 21.
Qxb2 Bd3 22. Re1 Rxe1 23. Bxe1 Bxc4 0-1

[Event "ch-FRA Blitz Online Qual"]
[Site "Europe-Chess INT"]
[Date "2020.05.16"]
[Round "6"]
[White "Le Bas, Alexis"]
[Black "Roque, Gaetan"]
[Result "0-1"]
[WhiteElo "1889"]
[BlackElo "2128"]
[WhiteFideId "651087"]
[BlackFideId "20666934"]
[EventDate "2020.05.16"]

1. d4 d5 2. Bf4 Nf6 3. Nf3 c5 4. c3 Qb6 5. Qc1 Nc6 6. e3 Bf5 7. Nbd2 e6 8. Be2
Rc8 9. a3 Ne4 10. O-O Be7 11. Ra2 O-O 12. Ne1 cxd4 13. exd4 Nxd4 14. Bd1 Nc6 15.
Be3 d4 16. cxd4 Nxd4 17. Qa1 Nxd2 18. Bxd2 Nb3 19. Bxb3 Qxb3 20. Be3 e5 21. Nf3
Be6 22. Nxe5 Qxa2 0-1

[Event "ch-FRA Blitz Online Qual"]
[Site "Europe-Chess INT"]
[Date "2020.05.16"]
[Round "6"]
[White "Afraoui, Anaelle"]
[Black "Antao, Amory"]
[Result "1-0"]
[WhiteTitle "WFM"]
[WhiteElo "2120"]
[BlackElo "2099"]
[WhiteFideId "20654383"]
[BlackFideId "36049700"]
[EventDate "2020.05.16"]

1. e4 Nc6 2. Nf3 g6 3. d4 d6 4. Nc3 Bg7 5. h3 e5 6. d5 Nce7 7. Be3 Nf6 8. Qd2 h6
9. O-O-O a6 10. Kb1 b5 11. Bd3 Bb7 12. g4 c5 13. dxc6 Bxc6 14. g5 hxg5 15. Nxg5
b4 16. Ne2 a5 17. Ng3 Qc7 18. Bc4 d5 19. exd5 Bxd5 20. Bb5+ Bc6 21. Bxc6+ Nxc6
22. N3e4 Rd8 23. Qe2 O-O 24. Nxf6+ Bxf6 25. h4 Kg7 26. h5 Rh8 27. hxg6 fxg6 28.
Ne6+ 1-0

[Event "ch-FRA Blitz Online Qual"]
[Site "Europe-Chess INT"]
[Date "2020.05.16"]
[Round "6"]
[White "Lamorelle, Yves"]
[Black "Bellahcene, Meriem"]
[Result "1-0"]
[WhiteTitle "FM"]
[WhiteElo "2052"]
[BlackElo "1936"]
[WhiteFideId "601810"]
[BlackFideId "20655347"]
[EventDate "2020.05.16"]

1. e4 d6 2. d4 Nf6 3. Nc3 Nbd7 4. h3 e5 5. Nf3 Be7 6. Bc4 O-O 7. O-O a6 8. a4 c6
9. a5 b5 10. axb6 Nxb6 11. Ba2 Qc7 12. Be3 Bb7 13. Re1 exd4 14. Nxd4 c5 15. Nf5
Nxe4 16. Qg4 g6 17. Bh6 Rfe8 18. Nxe4 Bc8 19. Nf6+ Kh8 20. Bg7# 1-0

[Event "ch-FRA Blitz Online Qual"]
[Site "Europe-Chess INT"]
[Date "2020.05.16"]
[Round "6"]
[White "Vine, Guillaume"]
[Black "Hue, Victor"]
[Result "0-1"]
[WhiteElo "1824"]
[BlackElo "2038"]
[WhiteFideId "20654219"]
[BlackFideId "26045710"]
[EventDate "2020.05.16"]

1. Nf3 d5 2. d4 Nf6 3. c4 c6 4. Nc3 e6 5. e3 Nbd7 6. cxd5 exd5 7. Bd3 Bd6 8. O-O
O-O 9. a3 Re8 10. b4 Nf8 11. b5 Bg4 12. bxc6 bxc6 13. Be2 Qc7 14. h3 Bh5 15. Ne1
Bxe2 16. Nxe2 Ne4 17. Nd3 Ng6 18. Ndf4 Nxf4 19. Nxf4 Bxf4 20. exf4 f5 21. f3 Nc3
22. Qd2 Nb5 23. Bb2 Nd6 24. Rfe1 Nc4 25. Qc2 Qxf4 26. Bc3 Re3 27. Rxe3 Qxe3+ 28.
Kh1 Qf4 29. Re1 a5 30. Qe2 Qd6 31. Qc2 Rf8 32. Qe2 Qxa3 33. Qe6+ Kh8 34. Qe7
Qxe7 35. Rxe7 Ra8 36. Re2 a4 37. Ra2 a3 38. Kg1 Kg8 39. Kf2 Kf7 40. Ke2 Ke6 41.
Kd3 g5 42. Bb4 f4 43. Bc5 Kf5 44. Bb4 Rb8 45. Bc3 Rb5 46. Ba1 Rb1 47. Bc3 Rd1+
48. Kc2 Rg1 49. Kb3 h5 50. Kb4 g4 51. Kc5 gxf3 52. gxf3 Rg3 53. Kxc6 Rxf3 54.
Bb4 Ke4 55. Re2+ Kxd4 56. Bc5+ Kd3 57. Ra2 d4 58. Kd5 Rxh3 59. Bxd4 f3 60. Bc5
f2 61. Bxf2 Rf3 62. Bc5 h4 63. Bxa3 Nxa3 64. Rxa3+ Ke2 65. Ra4 h3 66. Ke4 Rc3
67. Ra2+ Kf1 68. Kf4 Kg1 69. Ra1+ Kg2 70. Ra2+ Kg1 71. Ra1+ Kf2 72. Ra2+ Kf1 73.
Kg4 Re3 74. Rh2 Kg1 0-1

[Event "ch-FRA Blitz Online Qual"]
[Site "Europe-Chess INT"]
[Date "2020.05.16"]
[Round "6"]
[White "Sobry, Sebastien"]
[Black "Bellahcene, Sofia"]
[Result "0-1"]
[WhiteElo "2034"]
[BlackElo "1948"]
[WhiteFideId "622516"]
[BlackFideId "26075954"]
[EventDate "2020.05.16"]

1. e4 c6 2. d4 d5 3. Nd2 dxe4 4. Nxe4 Nf6 5. Ng3 Bg4 6. Be2 Bxe2 7. N1xe2 e6 8.
O-O Nbd7 9. f4 Nb6 10. f5 exf5 11. Nxf5 g6 12. Nfg3 Bg7 13. Bg5 O-O 14. Ne4 Nbd7
15. Qd2 Re8 16. Nxf6+ Bxf6 17. Bh6 Qb6 18. Rab1 Bg7 19. Bxg7 Kxg7 20. Ng3 Nf8
21. Qf4 f5 22. h4 Rad8 23. c3 c5 24. dxc5 Qxc5+ 25. Kh1 Qe5 26. Qf3 Qd5 27. Qxd5
Rxd5 28. Rbd1 Red8 29. Rde1 Rd3 30. Kh2 R8d7 31. h5 Rd2 32. hxg6 hxg6 33. Rb1
Ne6 34. Rfe1 Nf4 35. Rg1 Kf6 36. Rbf1 Rh7+ 37. Nh5+ Rxh5+ 38. Kg3 g5 39. Re1
Ne2+ 0-1

[Event "ch-FRA Blitz Online Qual"]
[Site "Europe-Chess INT"]
[Date "2020.05.16"]
[Round "6"]
[White "Larmet, Nino"]
[Black "Emmenecker, Pierre-Antoine"]
[Result "0-1"]
[WhiteElo "1818"]
[BlackElo "2172"]
[WhiteFideId "45105219"]
[BlackFideId "36031321"]
[EventDate "2020.05.16"]

1. e4 e5 2. Nf3 Nc6 3. Bb5 a6 4. Ba4 Nf6 5. O-O Be7 6. d3 b5 7. Bb3 d6 8. a3 O-O
9. Nc3 Na5 10. Ba2 Be6 11. Bxe6 fxe6 12. b4 Nc6 13. Ne2 d5 14. Ng3 a5 15. c3
axb4 16. exd5 exd5 17. cxb4 Bxb4 18. Bb2 Bd6 19. Nf5 Qd7 20. Nxd6 Qxd6 21. Qb3
Rfb8 22. Rfe1 Nd7 23. Rac1 b4 24. axb4 Rxb4 25. Qc3 Rb6 26. Ra1 Rba6 27. Rac1 h6
28. Rc2 Rb6 29. Ba3 Rxa3 30. Nxe5 Rxc3 31. Nf7 Kxf7 32. Re6 Rb1+ 33. Re1 Rxe1# 0-1

[Event "ch-FRA Blitz Online Qual"]
[Site "Europe-Chess INT"]
[Date "2020.05.16"]
[Round "6"]
[White "Kieffer, Anatole"]
[Black "Roussel, Simon"]
[Result "1-0"]
[WhiteElo "2094"]
[BlackElo "2140"]
[WhiteFideId "20650027"]
[BlackFideId "26025710"]
[EventDate "2020.05.16"]

1. e4 e5 2. Nf3 Nc6 3. Bc4 Nf6 4. d3 Be7 5. c3 O-O 6. O-O d6 7. a4 h6 8. a5 a6
9. Nbd2 Nh7 10. Re1 Kh8 11. Nf1 f5 12. exf5 Bxf5 13. Ng3 Bg6 14. Bd5 Ng5 15.
Bxg5 Bxg5 16. Bxc6 bxc6 17. Nxg5 Qxg5 18. Ne4 Qf4 19. f3 c5 20. d4 cxd4 21. cxd4
Rab8 22. dxe5 Rxb2 23. exd6 Bxe4 24. Rxe4 Qg5 25. Rg4 Qc5+ 26. Kh1 cxd6 27. Qd4
Qxd4 28. Rxd4 Rf5 29. h3 Rg5 30. g4 Re5 31. Rxd6 Ree2 32. Rad1 Rh2+ 33. Kg1
Rbg2+ 34. Kf1 Ra2 35. Kg1 Rxh3 36. Rxa6 Rg3+ 37. Kf1 Rxf3+ 38. Kg1 Rg3+ 39. Kf1
Rxg4 40. Ra8+ Kh7 41. a6 Rga4 42. Rd6 h5 43. Rd5 Kg6 44. Rd6+ Kg5 45. Rg8 Rf4+
46. Kg1 Rg4+ 47. Kf1 Kh4 48. Rd5 Rxa6 49. Rh8 g6 50. Rb8 Ra2 51. Rb3 Rf4+ 52.
Kg1 Rc4 53. Rb1 Rcc2 54. Rb4+ Kg3 55. Rd3# 1-0

[Event "ch-FRA Blitz Online Qual"]
[Site "Europe-Chess INT"]
[Date "2020.05.16"]
[Round "6"]
[White "Lauron, Wesley"]
[Black "Oney, Remel"]
[Result "0-1"]
[WhiteElo "1878"]
[BlackElo "1781"]
[WhiteFideId "36012769"]
[BlackFideId "6310125"]
[EventDate "2020.05.16"]

1. e4 Nf6 2. e5 Nd5 3. d4 d6 4. c4 Nb6 5. exd6 exd6 6. Nc3 Nc6 7. Be3 Be7 8. Be2
O-O 9. Nf3 Bg4 10. b3 Bf6 11. O-O Re8 12. h3 Bh5 13. Rc1 h6 14. g4 Bg6 15. d5
Ne5 16. Nd4 Nbd7 17. Qd2 Nc5 18. f4 Ned7 19. f5 Bh7 20. Rcd1 Qe7 21. Rf3 Ne4 22.
Nxe4 Qxe4 23. Qd3 Qxd3 24. Bxd3 Ne5 25. Rff1 Nxg4 26. hxg4 Rxe3 27. Rf4 Rae8 28.
Bf1 Be5 29. Rf2 Re4 30. Nf3 Rxg4+ 31. Kh1 Bxf5 32. Bh3 Rf4 33. Bxf5 Rxf5 34. Kg2
g5 35. Re2 g4 36. Nd4 Rh5 37. Nc2 Rh2+ 38. Kf1 Rxe2 39. Kxe2 Bf4+ 40. Kf2 h5 41.
Nd4 h4 42. Kg2 h3+ 43. Kh1 g3 44. Nf5 g2+ 45. Kg1 Kh7 46. Rd4 Be5 47. Rh4+ Kg6
48. Ne3 Bd4 49. Rxd4 Rxe3 50. Rg4+ Kf5 51. Rg8 Re1+ 52. Kh2 Rh1+ 53. Kg3 g1=Q+
54. Kf3 Qxg8 0-1

[Event "ch-FRA Blitz Online Qual"]
[Site "Europe-Chess INT"]
[Date "2020.05.16"]
[Round "6"]
[White "Villeneuve, Samuel"]
[Black "Bourgeois, Florian"]
[Result "1-0"]
[WhiteElo "1807"]
[BlackElo "2033"]
[WhiteFideId "20642105"]
[BlackFideId "690660"]
[EventDate "2020.05.16"]

1. d4 g6 2. e4 Bg7 3. Nc3 c5 4. Nf3 cxd4 5. Nxd4 Nc6 6. Be3 Nf6 7. Bc4 O-O 8.
Bb3 d6 9. f3 Qb6 10. Nf5 Qc7 11. Nxg7 Kxg7 12. Qd2 a6 13. Bh6+ Kg8 14. Bxf8 Kxf8
15. O-O-O b5 16. Qh6+ Kg8 17. h4 b4 18. Nd5 Qd8 19. Nxf6+ exf6 20. h5 Qf8 21.
Qf4 Be6 22. hxg6 hxg6 23. Qxf6 Qg7 24. Qxg7+ Kxg7 25. Bxe6 fxe6 26. Rxd6 Rc8 27.
Rhd1 e5 28. Rd7+ Kf6 29. R1d6+ Kg5 30. Rg7 Nd4 31. Rgxg6+ Kf4 32. Rxd4 exd4 33.
Rxa6 d3 34. c3 bxc3 35. bxc3 Rxc3+ 36. Kd2 Rc2+ 37. Kxd3 Rxg2 38. Rf6+ Ke5 39.
Rf5+ Ke6 40. a4 Ra2 41. a5 Ra4 42. Ke3 Rb4 43. Kf4 Ra4 44. Rh5 Kf7 45. Kg4 Ke7
46. Rd5 Kf7 47. Kf5 Ke7 48. f4 Kf7 49. e5 Ke7 50. Rb5 Ke8 51. Ke6 Kf8 52. f5 Rc4
53. Rb6 Rc8 54. f6 Re8+ 55. Kf5 Rc8 56. a6 Ra8 57. e6 Kg8 58. Kg6 Kh8 59. Rb7
Rg8+ 60. Kf5 Rc8 61. a7 Rc5+ 62. Kg6 Rc8 63. Rb8 Rd8 64. Rxd8# 1-0

[Event "ch-FRA Blitz Online Qual"]
[Site "Europe-Chess INT"]
[Date "2020.05.16"]
[Round "6"]
[White "Verspecht, Thierry"]
[Black "Demarche, Laurent"]
[Result "0-1"]
[WhiteElo "2033"]
[BlackElo "1835"]
[WhiteFideId "202010"]
[BlackFideId "609757"]
[EventDate "2020.05.16"]

1. e4 e5 2. Nf3 d6 3. d4 Nf6 4. Nc3 Nbd7 5. Bc4 Be7 6. O-O O-O 7. h3 c6 8. a4 b6
9. Be3 a6 10. Qd2 Bb7 11. Rad1 Qc7 12. Bb3 b5 13. dxe5 dxe5 14. axb5 axb5 15.
Nh4 Nc5 16. f3 Nxb3 17. cxb3 Nxe4 18. Nf5 Nxd2 0-1

[Event "ch-FRA Blitz Online Qual"]
[Site "Europe-Chess INT"]
[Date "2020.05.16"]
[Round "6"]
[White "Nguyen, Thao Nhi"]
[Black "Alvin, Leo"]
[Result "0-1"]
[WhiteElo "1951"]
[BlackElo "2025"]
[WhiteFideId "36000310"]
[BlackFideId "695645"]
[EventDate "2020.05.16"]

1. e4 c5 2. Nc3 g6 3. f4 Bg7 4. Nf3 Nc6 5. Bb5 Nd4 6. Bc4 e6 7. d3 a6 8. Nxd4
cxd4 9. Ne2 Ne7 10. Bb3 d5 11. e5 Nf5 12. O-O O-O 13. Bd2 f6 14. g4 Ne3 15. Bxe3
dxe3 16. d4 fxe5 17. dxe5 Bd7 18. Qd4 Qh4 19. Qxe3 Qxg4+ 20. Ng3 Bb5 21. Rf2 Bh6
22. a4 Bc6 23. Qe2 Qh4 24. Raf1 Rxf4 25. Rxf4 Bxf4 26. Qd3 Rf8 27. Rf3 Kg7 28.
Qf1 d4 29. Rf2 Bxg3 30. hxg3 Qxg3+ 31. Rg2 Rxf1+ 0-1

[Event "ch-FRA Blitz Online Qual"]
[Site "Europe-Chess INT"]
[Date "2020.05.16"]
[Round "6"]
[White "Firouzja, Mohammadreza"]
[Black "Zeller, Thomas"]
[Result "1-0"]
[WhiteElo "2135"]
[BlackElo "1792"]
[WhiteFideId "12573990"]
[BlackFideId "26057069"]
[EventDate "2020.05.16"]

1. e4 e5 2. Nf3 Nc6 3. Bb5 a6 4. Ba4 Nf6 5. O-O b5 6. Bb3 Bb7 7. Re1 Bc5 8. c3
O-O 9. h3 Bb6 10. d4 d6 11. a4 h6 12. Na3 Qe7 13. Nh4 Na5 14. Ng6 Qd7 15. Nxf8
Kxf8 16. Bc2 Re8 17. b4 Nc4 18. Nxc4 bxc4 19. d5 Bc8 20. Be3 Qe7 21. a5 Bxe3 22.
Rxe3 Nh7 23. Qe2 Ng5 24. Qxc4 Qf6 25. Qxc7 Bxh3 26. gxh3 Nf3+ 27. Kg2 Nh4+ 28.
Kf1 Qg6 29. Rg3 Qf6 30. b5 Nf3 31. b6 Nd2+ 32. Ke2 Nc4 33. Qxc4 1-0